| 000 | 01390nam a2200325Ia 4500 | ||
|---|---|---|---|
| 001 | ebr10038649 | ||
| 003 | CaPaEBR | ||
| 006 | m u | ||
| 007 | cr cn||||||||| | ||
| 008 | 001013s1999 dcu sb 000 0 eng d | ||
| 010 | _z 00709469 | ||
| 020 | _z0309067758 (print ed.) | ||
| 040 |
_aCaPaEBR _cCaPaEBR |
||
| 035 | _a(OCoLC)43475745 | ||
| 050 | 1 | 4 |
_aT176 _b.A55 1999eb |
| 082 | 0 | 4 |
_a338.97306 _221 |
| 245 | 0 | 4 |
_aThe Advanced Technology Program _h[electronic resource] : _bchallenges and opportunities / _cCharles W. Wessner, editor. |
| 260 |
_aWashington, D.C. : _bNational Academy Press, _c1999. |
||
| 300 | _ax, 127 p. | ||
| 504 | _aIncludes bibliographical references. | ||
| 533 |
_aElectronic reproduction. _bPalo Alto, Calif. : _cebrary, _d2009. _nAvailable via World Wide Web. _nAccess may be limited to ebrary affiliated libraries. |
||
| 610 | 2 | 0 |
_aNational Institute of Standards and Technology (U.S.). _bAdvanced Technology Program. |
| 650 | 0 |
_aResearch, Industrial _xGovernment policy _zUnited States. |
|
| 650 | 0 |
_aTechnology and state _zUnited States. |
|
| 650 | 0 |
_aResearch and development partnership _zUnited States. |
|
| 655 | 7 |
_aElectronic books. _2local |
|
| 700 | 1 | _aWessner, Charles W. | |
| 710 | 2 | _aebrary, Inc. | |
| 856 | 4 | 0 |
_uhttp://site.ebrary.com/lib/rucke/Doc?id=10038649 _zAn electronic book accessible through the World Wide Web; click to view |
| 999 |
_c57593 _d57593 |
||